| 000 | 00745cam a22002292 4500 | ||
|---|---|---|---|
| 001 | 0000023811 | ||
| 005 | 20151217145944.0 | ||
| 008 | 130326s xx 000 0 eng d | ||
| 020 | _a0071311816 | ||
| 040 |
_aKABU _cKABU |
||
| 050 | 0 |
_aQA303 _b.H64 2010 |
|
| 100 | 1 |
_aHoffmann, Laurence D. _@0000154069 |
|
| 245 | 1 | 0 |
_aApplied calculus for business, economics, and the social sciences and life sciences / _cLaurence D. Hoffmann, Gerald L. Bradley. |
| 250 | _aExpanded 10th ed. | ||
| 260 |
_aBoston : _bMCGraw-Hill, _c2010. |
||
| 300 | _axv, 1054 p. | ||
| 650 | 0 |
_aCalculus. _@0000144959 |
|
| 700 | 1 |
_aBradley, Gerald L. _@0000154070 |
|
| 852 | 1 | _9p3604 KES | |
| 908 | _a130326 | ||
| 950 | _@1 | ||
| 999 |
_c4442 _d4442 |
||